000
00230nam a2200097Ia 4500
008
240331s9999 xx 000 0 und d
082
_b
JAY
100
_a
Jayawardena,K
245
0
_a
Ethnic and Class Conflicts in Sri Lanka
942
_c
L
999
_c
5698
_d
5698